000 00725nam a2200229Ii 4500
003 JO-AjNU
008 230605s9999||||xx |||||||||||||| ||und||
017 _a2002/18660
020 _a977-208-661-X
040 _aJO-AjNU
_bara
_erda
_cJO-AjNU
041 _aara
050 1 4 _aHC427.92 .I87 2003
100 3 _aامين،سمير واخرون,
_eauthor
_917324
245 0 0 _aالاشتراكية واقتصاد السوق :تجارب(الصين-فيتنام-كوبا)
250 _aط1
264 3 1 _aالقاهرة:مكتبة مدبولي،2003
300 _a203ص
336 _atext
_btxt
_2rdacontent
337 _aunmediated
_bn
_2rdamedia
338 _avolume
_bnc
_2rdacarrier
650 4 _aالإشتراكية
_917325
999 _aA5327
_c8895
_d8895